MERANIE ODVODŇOVACÍCH VETIEV VLHKOSTNÝCH RETENČNÝCH KRIVIEK METÓDOU PRETLAKOVÉHO ZARIADENIA

Bibliographic Details
Main Authors: Štekauerová, Vlasta, 1948-2013 (Author), Šútor, Július, 1935-2016 (Author), Rodný, Marek (Author), Šurda, Peter, 1982- (Author), Nagy, Viliam (Author)
Format: Article
Language:Slovak

MARC

LEADER 00000nab a22000007a 4500
001 vtls010674725
003 SK-MaSNL
005 20260304184337.0
008 250708s2010 xo |||||||||||||||||slo|
035 |a (urnnbn)urn:nbn:sk:snk:ar-a06lew 
035 |a (uuid)d3d41096-4398-4a2e-9cf0-cbce07e5b318 
035 |a urn:nbn:sk:snk-ab1ahq 
040 |a SNKBUCL  |b slo  |c SNKBUCL  |e AACR2 
041 0 |a slo 
044 |a xo  |c SK 
100 1 |a Štekauerová, Vlasta,  |d 1948-2013  |4 aut  |9 192332 
245 1 0 |a MERANIE ODVODŇOVACÍCH VETIEV VLHKOSTNÝCH RETENČNÝCH KRIVIEK METÓDOU PRETLAKOVÉHO ZARIADENIA  |c Vlasta Štekauerová, Július Šútor, Marek Rodný, Peter Šurda, Viliam Nagy 
700 1 |a Šútor, Július,  |d 1935-2016  |4 aut  |9 180093 
700 1 |a Rodný, Marek  |4 aut  |9 818321 
700 1 |a Šurda, Peter,  |d 1982-  |4 aut  |9 752021 
700 1 |a Nagy, Viliam  |4 aut  |9 306727 
773 0 |t Acta Hydrologica Slovaca  |g Roč. 11, č. 2 (2010), s. 353-356 
850 |a Slovenská národná knižnica 
852 |a Slovenská národná knižnica 
954 |a odborná, vedecká literatúra pôvodná (slovenská)  |2 lita 
958 |a article 
958 |a OND 
958 |a EUIPO 
999 |c 3037588  |d 3039518